Tục hèm kiêng kỵ dân gian Việt Nam
Trình bày về tín ngưỡng dân gian và các tôn giáo nho phật lão ảnh hưởng tới tục hèm kiêng kỵ. Giới thiệu các tục hèm dân gian: kiêng sinh ngày rằm, mùng một; ra ngõ gặp gái; kiêng đòi nợ tết; kiêng ăn rau cần ngày tết; góc ao, đao đình; xô...
Đã lưu trong:
| Hovedforfatter: | |
|---|---|
| Format: | Bog |
| Sprog: | Undetermined |
| Udgivet: |
Hà Nội
Thời đại
2013
|
| Fag: | |
| Tags: |
Tilføj Tag
Ingen Tags, Vær først til at tagge denne postø!
|
| Thư viện lưu trữ: | Trung tâm Học liệu Trường Đại học Cần Thơ |
|---|
| LEADER | 00966nam a2200193Ia 4500 | ||
|---|---|---|---|
| 001 | CTU_189100 | ||
| 008 | 210402s9999 xx 000 0 und d | ||
| 082 | |a 390.09597 | ||
| 082 | |b L312 | ||
| 100 | |a Trần, Gia Linh | ||
| 245 | 0 | |a Tục hèm kiêng kỵ dân gian Việt Nam | |
| 245 | 0 | |c Trần Gia Linh | |
| 260 | |a Hà Nội | ||
| 260 | |b Thời đại | ||
| 260 | |c 2013 | ||
| 520 | |a Trình bày về tín ngưỡng dân gian và các tôn giáo nho phật lão ảnh hưởng tới tục hèm kiêng kỵ. Giới thiệu các tục hèm dân gian: kiêng sinh ngày rằm, mùng một; ra ngõ gặp gái; kiêng đòi nợ tết; kiêng ăn rau cần ngày tết; góc ao, đao đình; xông nhà kỵ vía dữ, có bầu kiêng ăn cua ốc... | ||
| 650 | |a Folklore,Văn hóa dân gian | ||
| 904 | |i Giang | ||
| 980 | |a Trung tâm Học liệu Trường Đại học Cần Thơ | ||